Moderno manual de primeros auxilios

Сохранить в:
Библиографические подробности
Главный автор: Biaggi, Oreste
Формат:
Язык:испанский
Опубликовано: Buenos Aires Casa Editora Sudamericana 1950
Редактирование:Segunda edición
Предметы:
Метки: Добавить метку
Нет меток, Требуется 1-ая метка записи!

MARC

LEADER 00000nam a2200000 a 4500
001 UCH6039
003 CL-VaPUC
005 20240906111735.0
008 091109e19500000AG |||||||||||||||||spa|d
999 |c 337013  |d 337011 
040 |c Pontificia Universidad Católica de Valparaíso 
082 0 4 |a 616.0252 BIA 1950  |2 21 
100 0 |a Biaggi, Oreste  |9 542427 
245 1 0 |a Moderno manual de primeros auxilios 
250 |a Segunda edición 
260 |a Buenos Aires  |b Casa Editora Sudamericana  |c 1950 
300 |a 199 páginas 
583 |a last modification  |c 20091109 00:00:00  |k Rodrigo Vera 
650 0 |a Asistencia de emergencias  |9 453426 
650 7 |a HERIDAS TRATAMIENTOS  |2 CL-VaPUC  |9 309930 
650 7 |a MEDICINA DE URGENCIAS  |2 CL-VaPUC  |9 309931 
650 0 |a Atención médica  |9 337119 
650 0 |a Accidentes  |9 351162 
650 0 |a Medidas de seguridad  |9 264085 
942 |c BK  |2 ddc 
945 |d 20091109 00:00:00  |a ccalabra